Report, 1963-64. (Record no. 72330)

MARC details
000 -LEADER
fixed length control field 00621cam a22002291 4500
001 - CONTROL NUMBER
control field sa 67000994
003 - CONTROL NUMBER IDENTIFIER
control field DLC
005 - DATE AND TIME OF LATEST TRANSACTION
control field 20260227112319.0
008 - FIXED-LENGTH DATA ELEMENTS--GENERAL INFORMATION
fixed length control field 850213s1965 ii 000 0 eng
010 ## - LIBRARY OF CONGRESS CONTROL NUMBER
LC control number sa 67000994
035 ## - SYSTEM CONTROL NUMBER
System control number (OCoLC)11690622
040 ## - CATALOGING SOURCE
Original cataloging agency DLC
Transcribing agency PKuS
Modifying agency DLC
042 ## - AUTHENTICATION CODE
Authentication code premarc
050 00 - LIBRARY OF CONGRESS CALL NUMBER
Classification number L578.R3
Item number A5
110 1# - MAIN ENTRY--CORPORATE NAME
Corporate name or jurisdiction name as entry element Rajasthan (India).
Subordinate unit State Primary Education Committee.
245 00 - TITLE STATEMENT
Title Report, 1963-64.
260 ## - PUBLICATION, DISTRIBUTION, ETC.
Place of publication, distribution, etc. Bikaner,
Name of publisher, distributor, etc. Govt. Press,
Date of publication, distribution, etc. 1965.
300 ## - PHYSICAL DESCRIPTION
Extent ii, 177 p.,
Dimensions 25 cm.
500 ## - GENERAL NOTE
General note Cover title.
650 #0 - SUBJECT ADDED ENTRY--TOPICAL TERM
Topical term or geographic name entry element Education
Geographic subdivision India
-- Rajasthan.
650 #0 - SUBJECT ADDED ENTRY--TOPICAL TERM
Topical term or geographic name entry element Education, Elementary.

No items available.

Powered by Koha